| 000 | 01658nam a2200313Ia 4500 | ||
|---|---|---|---|
| 003 | OSt | ||
| 005 | 20210104120816.0 | ||
| 008 | 191128s1979 sp aod gr 001 0 spa d | ||
| 020 | _a8403190069 | ||
| 040 |
_aCO-JMCR _cCO-JMCR |
||
| 041 | 1 |
_aspa _heng |
|
| 082 | 0 | 4 |
_a658.542 / _bB261e _223 |
| 100 | 1 |
_aBarnes, Ralph M., _eautor _912609 |
|
| 245 | 1 | 0 |
_aEstudio de movimientos y tiempos / _cRalph M. Barnes ; traducción Ricardo Garcia-Pelayo Alonso |
| 250 | _aQuinta edición | ||
| 260 |
_aMadrid : _bAguilar, _c1979 |
||
| 300 |
_axvii, 746 páginas, [4] hojas plegables : _bilustraciones, fotografías y gráficos a blanco y negro ; _c22 cm. |
||
| 490 | 0 | _aEconomía de la empresa | |
| 500 | _aIncluye notas a pie de página e índices alfabético, de autores, y de materias. | ||
| 504 | _aBibliografía: páginas 717-731 | ||
| 505 | 0 | _aDefinición y objeto del estudio de movimientos y tiempos -- Historia del estudio de movimientos y tiempos -- Procedimiento general de resolución de problemas -- Límites de aplicación del estudio de movimientos y tiempos -- Estudio de métodos de trabajo. | |
| 520 | 3 | _aLas expresiones "estudios de tiempos" y "estudios de movimientos" han sido interpretadas de muy diversas maneras desde su origen. El estudio de tiempos, iniciado por Taylor, fue principalmente utilizado para los sistemas de valoración, y el estudio de mo | |
| 534 | _pMotion and time study desing and measurement of work | ||
| 546 | _aTraducido del inglés | ||
| 650 | 1 | 4 |
_aAnálisis ocupacional _912610 |
| 650 | 1 | 4 |
_aMedición del trabajo _912611 |
| 700 | 1 |
_aGarcia-Pelayo Alonso, Ricardo, _etraductor _912612 |
|
| 942 |
_2ddc _cBK |
||
| 999 |
_c5636 _d5636 |
||